| 000 | 00708nac a22001571u 4500 | ||
|---|---|---|---|
| 008 | 080901s1946 ua||||||r||| 001 0barad | ||
| 082 |
_a246 _bر ي د _222 |
||
| 245 |
_aابراهيم بن سيار النظام : _bوآراؤه الكلامية الفلسفية / _cتأليف محمد عبد الهادي أبو ريدة |
||
| 260 |
_aالقاهرة : _bلجنة التأليف والترجمة والنشر، 1946 _c1946. |
||
| 300 |
_a183 ص ؛ _c24 سم . |
||
| 500 | _aيشتمل على كشاف بالأعلام | ||
| 511 | _aCatalogued by: Sara | ||
| 541 |
_a؛الف باء _cشراء ؛ |
||
| 650 |
_aالحركات الفكرية عند المسلمين _913295 |
||
| 942 |
_cBB _k246 ر ي د _2ddc |
||
| 999 |
_c6728 _d6728 |
||